Missing Word: What’s Cookin’? II Quiz Stats

 Plays Quiz Updated Jun 8, 2017

Support Sporcle.
Go Orange.
Score 0/18 Timer 03:00
0 Plays Today
Show Missing Word % Correct
Top ___ Chef
92.7%
Ready... Set... ___ !Cook
80.4%
Worst Cooks in ___ America
72.1%
Food Network ___ Star
55.4%
Guy's ___ GamesGrocery
45.6%
The Great Food ___ RaceTruck
43.7%
Restaurant: ___Impossible
42.9%
The ___ WomanPioneer
41.1%
Cooks vs. ___ Cons
39.8%
Show Missing Word % Correct
___ WarsCupcake
35.6%
Everyday ___ Italian
35.6%
___ KitchenCutthroat
27%
Big Daddy's ___ House
15.3%
___! with Bobby FlayThrowdown
11.1%
Oliver's ___ Twist
8.8%
___ Daisy!Viva
4%
___ on the StreetHam
3.6%
The Hungry ___ Detective
3.4%

Today's Daily Dose

You're not logged in!

Compare scores with friends on all Sporcle quizzes.
OR
Log In
Forgot?

From the Vault

Two Minute Convoluted Math

by MovieGuru

For some of us, the term convoluted math is a little redundant.
Remove Ads.
Support Sporcle.
Get the best of Sporcle when you Go Orange. This ad-free experience offers more features, more stats, and more fun while also helping to support Sporcle. Thank you for becoming a member.

Show Comments

Extras

Top Quizzes Today


Score Distribution

Your Account Isn't Verified!

In order to create a playlist on Sporcle, you need to verify the email address you used during registration. Go to your Sporcle Settings to finish the process.

Report this User

Report this user for behavior that violates our Community Guidelines.

Details: